[Event "European Youth Chess Championship B18"]
[Site "Prague, Top Hotel Prague"]
[Date "2012.08.21"]
[Round "5.33"]
[White "Pastar, Slaven"]
[Black "Gabovits, Ilia"]
[Result "0-1"]
[WhiteElo "2093"]
[BlackElo "1893"]
[PlyCount "144"]
[EventDate "2012.08.17"]

1. e4 c5 2. Nc3 Nc6 3. f4 g6 4. Nf3 Bg7 5. Bb5 Nd4 6. d3 Nxb5 7. Nxb5 a6 8. Nc3
d6 9. O-O e6 10. Be3 Nf6 11. h3 b6 12. g4 O-O 13. Bf2 Nd7 14. Bh4 Bf6 15. g5
Bg7 16. f5 exf5 17. exf5 Bxc3 18. bxc3 Ne5 19. Nxe5 dxe5 20. f6 Bxh3 21. Rf2
Qd7 22. Qf3 Qg4+ 23. Qxg4 Bxg4 24. Re1 Rfe8 25. Bg3 e4 26. Rxe4 Rxe4 27. dxe4
Rd8 28. Kg2 Rd7 29. Bf4 Kf8 30. Kg3 Bh5 31. Bb8 Ke8 32. e5 Rd5 33. Kf4 Kd7 34.
Rh2 Ke6 35. a4 Rd1 36. Rf2 Rg1 37. Rd2 Rd1 38. Rf2 Rg1 39. Rd2 Rd1 40. Rg2 Rf1+
41. Ke3 Re1+ 42. Kd3 Rd1+ 43. Ke3 Re1+ 44. Kf4 Rf1+ 45. Kg3 b5 46. axb5 axb5
47. c4 bxc4 48. Bd6 Rf3+ 49. Kh2 Rc3 50. Rd2 Bf3 51. Bc7 Bd5 52. Re2 Kf5 53.
Bd6 Be6 54. Bxc5 Kxg5 55. Bd4 Rh3+ 56. Kg2 Ra3 57. Rf2 h5 58. Bb2 Bd5+ 59. Kh2
Rf3 60. Rxf3 Bxf3 61. e6 Bd5 62. e7 Bc6 63. Bd4 Kf4 64. Kh3 g5 65. c3 Kf3 66.
Be5 h4 67. Bd6 Bd7+ 68. Kh2 g4 69. Kh1 Kf2 70. Bc5+ Kf1 71. Bd6 g3 72. e8=Q g2+
0-1

[Event "European Youth Chess Championship B18"]
[Site "Prague, Top Hotel Prague"]
[Date "2012.08.21"]
[Round "5.34"]
[White "Emiroglu, Cankut"]
[Black "Real, Thibault"]
[Result "1-0"]
[WhiteElo "2299"]
[BlackElo "2010"]
[PlyCount "105"]
[EventDate "2012.08.17"]

1. e4 c5 2. Nf3 d6 3. d4 cxd4 4. Qxd4 Nc6 5. Bb5 Bd7 6. Bxc6 Bxc6 7. Nc3 Nf6 8.
Bg5 e6 9. O-O-O Be7 10. Qd3 O-O 11. Nd4 Qa5 12. f4 Rfc8 13. g4 b5 14. Kb1 b4
15. Bxf6 Bxf6 16. Nce2 Bb7 17. g5 Be7 18. h4 e5 19. Nf5 Bf8 20. h5 Qa4 21. b3
Qc6 22. Nfg3 Be7 23. g6 fxg6 24. hxg6 h6 25. Rd2 Bf6 26. Rf1 exf4 27. Rxf4 Qc5
28. Nf5 Qe5 29. Nfd4 Rc3 30. Qb5 Qxb5 31. Nxb5 Ba6 32. Nexc3 bxc3 33. Rd5 Be5
34. Rf7 Bxb5 35. Rxb5 Rf8 36. Rxf8+ Kxf8 37. Rb7 h5 38. Rb8+ Ke7 39. Rh8 Kf6
40. Rxh5 Kxg6 41. Rf5 Kh6 42. Kc1 g5 43. Kd1 Kh5 44. Ke2 Kh4 45. Kf3 g4+ 46.
Kg2 Bd4 47. b4 Be5 48. b5 Bd4 49. a4 Bb6 50. Rf6 Bc7 51. Rg6 Kh5 52. Rg7 Bb6
53. Kg3 1-0

[Event "European Youth Chess Championship B18"]
[Site "Prague, Top Hotel Prague"]
[Date "2012.08.21"]
[Round "5.35"]
[White "Silva Rodriguez, Julio"]
[Black "Suchomel, Ales"]
[Result "0-1"]
[WhiteElo "2165"]
[BlackElo "2044"]
[PlyCount "60"]
[EventDate "2012.08.17"]

1. e4 c5 2. Nf3 e6 3. d4 cxd4 4. Nxd4 a6 5. Nc3 Qc7 6. Bd3 Nf6 7. O-O Bc5 8.
Nb3 Be7 9. a4 b6 10. Be3 d6 11. a5 b5 12. Bb6 Qb7 13. f4 Nbd7 14. Kh1 O-O 15.
Qe2 Nxb6 16. axb6 Nd7 17. e5 Rb8 18. Na5 Qxb6 19. Qe4 f5 20. Qf3 d5 21. g4 Nc5
22. gxf5 Nxd3 23. f6 Bb4 24. Qxd3 Bxa5 25. Rg1 Rf7 26. Ne2 Bb4 27. h4 Qc6 28.
Rg5 Qc4 29. Rag1 Rbb7 30. Qd1 Rbc7 0-1

[Event "European Youth Chess Championship B18"]
[Site "Prague, Top Hotel Prague"]
[Date "2012.08.21"]
[Round "5.36"]
[White "Poska, Karolis"]
[Black "Papakonstantinou, Dimitrios"]
[Result "0-1"]
[WhiteElo "1884"]
[BlackElo "2129"]
[PlyCount "58"]
[EventDate "2012.08.17"]

1. e4 c5 2. Nf3 e6 3. d4 cxd4 4. Nxd4 Nf6 5. Nc3 d6 6. h3 a6 7. g4 h6 8. Bg2
Qc7 9. Be3 b5 10. a4 b4 11. Na2 Bb7 12. c3 Nxe4 13. Bxe4 Bxe4 14. f3 Bb7 15.
cxb4 d5 16. f4 Bd6 17. Rc1 Qe7 18. O-O O-O 19. Qe1 Nd7 20. Bd2 Nf6 21. Qh4 Rfc8
22. Nc3 Bxb4 23. Qg3 Rc4 24. Be3 Bxc3 25. bxc3 Ne4 26. Qg2 Rac8 27. Ne2 Nxc3
28. Nxc3 d4 29. Qg3 dxc3 0-1

[Event "European Youth Chess Championship B18"]
[Site "Prague, Top Hotel Prague"]
[Date "2012.08.21"]
[Round "5.37"]
[White "Petras, Marian"]
[Black "Romanov, Stanislav"]
[Result "0-1"]
[WhiteElo "1958"]
[BlackElo "2115"]
[PlyCount "58"]
[EventDate "2012.08.17"]

1. e4 Nc6 2. Nc3 Nf6 3. f4 d5 4. e5 d4 5. exf6 dxc3 6. bxc3 exf6 7. Bc4 Bd6 8.
d4 O-O 9. Ne2 f5 10. O-O b6 11. Qd3 Ne7 12. Ng3 g6 13. h4 Bb7 14. h5 Kg7 15.
Be3 Ng8 16. d5 Qh4 17. Bd4+ f6 18. Qf3 Nh6 19. hxg6 hxg6 20. Ne2 Ng4 21. Qh3
Rh8 22. Rf3 b5 23. Bb3 c5 24. dxc6 Bxc6 25. Qxh4 Rxh4 26. Rh3 Rah8 27. Rd1 Rxh3
28. gxh3 Rxh3 29. Bxf6+ Nxf6 0-1

[Event "European Youth Chess Championship B18"]
[Site "Prague, Top Hotel Prague"]
[Date "2012.08.21"]
[Round "5.38"]
[White "Archer-Lock, Adrian"]
[Black "Olson, Hamish"]
[Result "1-0"]
[WhiteElo "1923"]
[BlackElo "2055"]
[PlyCount "99"]
[EventDate "2012.08.17"]

1. d4 Nf6 2. c4 g6 3. Nc3 Bg7 4. Bf4 O-O 5. Nf3 d6 6. h3 Nfd7 7. e3 e5 8. Bh2
Nc6 9. Be2 f5 10. O-O e4 11. Nd2 Nf6 12. Rb1 Ne7 13. d5 g5 14. Nb3 Ng6 15. Nd4
Qe7 16. b4 f4 17. c5 dxc5 18. bxc5 Qxc5 19. Qb3 a6 20. Rbc1 Qb6 21. Qxb6 cxb6
22. Na4 Nd7 23. Ne6 b5 24. Nxf8 Bxf8 25. Nc3 Nc5 26. Rfd1 Bd6 27. Rc2 Bd7 28.
Bg4 Bxg4 29. hxg4 Re8 30. Ne2 Nd3 31. Nd4 Ne7 32. Nf5 Nxf5 33. gxf5 Bc5 34.
exf4 g4 35. Re2 Kf7 36. Kf1 b4 37. f3 g3 38. Bxg3 Rg8 39. Rxe4 Nb2 40. Rd2 Na4
41. Bf2 Bd6 42. Bd4 Rc8 43. Be5 Rc1+ 44. Kf2 Bc5+ 45. Kg3 Nc3 46. Bxc3 bxc3 47.
Rd3 c2 48. Rc3 Bd4 49. Rxd4 Rd1 50. Rdc4 1-0

[Event "European Youth Chess Championship B18"]
[Site "Prague, Top Hotel Prague"]
[Date "2012.08.21"]
[Round "5.39"]
[White "Starek, Stanislav"]
[Black "Belsley, Alexandre"]
[Result "1-0"]
[WhiteElo "2052"]
[BlackElo "1842"]
[PlyCount "79"]
[EventDate "2012.08.17"]

1. d4 d5 2. Bf4 Nf6 3. e3 c5 4. Nf3 Qb6 5. Nc3 c4 6. a4 Bd7 7. Ra2 e6 8. Be2
Bb4 9. O-O O-O 10. Ne5 Nc6 11. Nxd7 Nxd7 12. Nb5 Rfc8 13. c3 Bf8 14. e4 dxe4
15. Be3 Qd8 16. Bxc4 Nb4 17. Bxe6 Nxa2 18. Bxa2 a6 19. Qb3 Qe8 20. Na3 Nf6 21.
Nc4 Nd5 22. Ne5 Rd8 23. Qxb7 Rab8 24. Qc6 Qxc6 25. Nxc6 Rxb2 26. Nxd8 Rxa2 27.
c4 Nc3 28. g3 Rxa4 29. Nc6 Rxc4 30. Ne5 Ra4 31. Kg2 a5 32. Re1 Bb4 33. d5 f6
34. d6 Bxd6 35. Nd7 Bb4 36. Bc5 Ra2 37. Kf1 Rd2 38. Bxb4 axb4 39. Nc5 Rb2 40.
Na6 1-0

[Event "European Youth Chess Championship B18"]
[Site "Prague, Top Hotel Prague"]
[Date "2012.08.21"]
[Round "5.40"]
[White "Pavel, Sebastian-Ionut"]
[Black "Konvicka, Martin"]
[Result "1-0"]
[WhiteElo "2045"]
[BlackElo "1937"]
[PlyCount "65"]
[EventDate "2012.08.17"]

1. d4 Nf6 2. c4 g6 3. Nc3 Bg7 4. e4 d6 5. f3 a6 6. Bg5 O-O 7. Qd2 c6 8. h4 b5
9. g4 Nbd7 10. Bd3 bxc4 11. Bxc4 d5 12. exd5 Nb6 13. Bb3 cxd5 14. O-O-O a5 15.
Na4 Nxa4 16. Bxa4 Ba6 17. Ne2 Qb6 18. Nc3 Rfc8 19. Kb1 e6 20. h5 Rab8 21. Rh2
Qb4 22. Bb3 Ne8 23. hxg6 hxg6 24. Bh6 Bf6 25. Bf4 Rb7 26. Be5 Bxe5 27. dxe5 Kf8
28. Qg5 f6 29. exf6 Rxc3 30. Rh8+ Kf7 31. Rh7+ Kf8 32. Qh6+ Kg8 33. Qxg6+ 1-0

[Event "European Youth Chess Championship B18"]
[Site "Prague, Top Hotel Prague"]
[Date "2012.08.21"]
[Round "5.41"]
[White "Lhotka, Jiri"]
[Black "Panainte, Daniel-Iulian"]
[Result "1/2-1/2"]
[WhiteElo "2082"]
[BlackElo "2005"]
[PlyCount "99"]
[EventDate "2012.08.17"]

1. e4 e6 2. d4 d5 3. Nc3 Bb4 4. e5 c5 5. a3 Bxc3+ 6. bxc3 Qa5 7. Bd2 Qa4 8. Qb1
c4 9. Ne2 Nc6 10. g3 Nge7 11. Nf4 Bd7 12. Nh5 Rg8 13. Bh3 O-O-O 14. O-O Kb8 15.
Qb2 Nc8 16. f4 Nb6 17. Rf3 Qa5 18. Rd1 Rc8 19. g4 Na4 20. Qc1 Nd8 21. f5 Rc6
22. Bg5 Ra6 23. Qe3 Qc7 24. Be7 Ka8 25. Kh1 Nb6 26. Bd6 Qc6 27. Qg5 Nc8 28. Bb4
h6 29. Qe3 Qc7 30. Rg1 Rc6 31. a4 Ra6 32. a5 Nc6 33. g5 hxg5 34. fxe6 Bxe6 35.
Bxe6 fxe6 36. Rxg5 Nxa5 37. Qf2 Nc6 38. Rf7 Qb6 39. Nf6 Rd8 40. Rgxg7 Nxb4 41.
Rxb7 Nd3 42. cxd3 Qa5 43. dxc4 Qxc3 44. cxd5 Ra1+ 45. Kg2 Qc1 46. Rh7 Qg5+ 47.
Qg3 Ra2+ 48. Kh3 Qf5+ 49. Kh4 Rf2 50. Rxa7+ 1/2-1/2

[Event "European Youth Chess Championship B18"]
[Site "Prague, Top Hotel Prague"]
[Date "2012.08.21"]
[Round "5.42"]
[White "Scott, Gordon W"]
[Black "Alfimov, Igor"]
[Result "1/2-1/2"]
[WhiteElo "2026"]
[BlackElo "1969"]
[PlyCount "81"]
[EventDate "2012.08.17"]

1. d4 Nf6 2. c4 g6 3. Nc3 d5 4. cxd5 Nxd5 5. Bd2 Bg7 6. e4 Nb6 7. Be3 O-O 8.
Nf3 Nc6 9. h3 e6 10. Be2 Bd7 11. O-O Be8 12. Qd2 Qe7 13. Rfd1 Rd8 14. Rac1 a6
15. Qc2 Rd7 16. e5 Qd8 17. Ne4 Rd5 18. Nc5 Qa8 19. a3 Ne7 20. Bd3 Bc6 21. Be4
Rdd8 22. Bxc6 Nxc6 23. Nxb7 Nxd4 24. Rxd4 Qxb7 25. Rxd8 Rxd8 26. Qxc7 Qxc7 27.
Rxc7 Nd5 28. Bg5 f6 29. exf6 Nxc7 30. f7+ Kxf7 31. Bxd8 Nd5 32. b3 h6 33. Kf1
g5 34. g3 Bc3 35. Ke2 Ke8 36. Bxg5 hxg5 37. Nxg5 Ke7 38. Ne4 Bb2 39. Nc5 Bxa3
40. Nxa6 Kd6 41. Kd3 1/2-1/2